[Event "World Rapid 2018"]
[Site "St Petersburg RUS"]
[Date "2018.12.26"]
[Round "4.28"]
[White "Miton, Kamil"]
[Black "Amonatov, Farrukh"]
[Result "1/2-1/2"]
[WhiteTitle "GM"]
[BlackTitle "GM"]
[WhiteElo "2588"]
[BlackElo "2614"]
[WhiteFideId "1111914"]
[BlackFideId "14700077"]
[EventDate "2018.12.26"]

1. d4 Nf6 2. c4 g6 3. g3 Bg7 4. Bg2 c5 5. dxc5 Qa5+ 6. Nd2 Qxc5 7. Ngf3 O-O 8.
O-O Nc6 9. b3 d5 10. Bb2 dxc4 11. Nxc4 Rd8 12. Qc1 Qh5 13. Qg5 Be6 14. Qxh5 Nxh5
15. Bxg7 Nxg7 16. Nfe5 Nxe5 17. Nxe5 Bd5 18. Rfd1 Bxg2 19. Kxg2 Ne6 20. Rac1 f6
21. Nd3 Kf7 22. Nf4 Rxd1 23. Rxd1 Nxf4+ 24. gxf4 Ke6 25. Rd4 Rc8 26. Ra4 a6 27.
Rb4 b5 28. a4 Rc5 29. Kf3 Kd5 30. e3 Kc6 31. axb5+ axb5 32. Re4 Kd6 33. Rd4+ Ke6
34. Re4+ Kf7 35. Rd4 Rh5 36. Kg3 Ke6 37. e4 Rc5 38. f3 f5 39. Rd3 Rc2 40. h3 Re2
41. Rd5 fxe4 42. Rxb5 Re3 43. Re5+ Kf6 44. Rxe4 Rxb3 1/2-1/2

[Event "World Rapid 2018"]
[Site "St Petersburg RUS"]
[Date "2018.12.26"]
[Round "4.29"]
[White "Salem, A.R. Saleh"]
[Black "Predke, Alexandr"]
[Result "1-0"]
[WhiteTitle "GM"]
[BlackTitle "GM"]
[WhiteElo "2660"]
[BlackElo "2622"]
[WhiteFideId "9301348"]
[BlackFideId "24107581"]
[EventDate "2018.12.26"]

1. e4 c5 2. Nf3 Nf6 3. Nc3 d5 4. e5 Nfd7 5. e6 fxe6 6. d4 Nc6 7. dxc5 Nxc5 8.
Be3 Qa5 9. Qd2 g6 10. Bb5 Nd7 11. Nd4 Nde5 12. Bf4 Nc4 13. Bxc4 dxc4 14. Nxc6
bxc6 15. Qd4 Rg8 16. O-O Bg7 17. Qxc4 Qa6 18. Qe4 Bxc3 19. bxc3 Rf8 20. Rad1 Rf5
21. Qd4 e5 22. Bxe5 Be6 23. Rfe1 Qxa2 24. Qe3 Bd5 25. Rb1 Qxc2 26. Rb7 Rf7 27.
h3 a5 28. Bd6 e6 29. Qb6 1-0

[Event "World Rapid 2018"]
[Site "St Petersburg RUS"]
[Date "2018.12.26"]
[Round "4.30"]
[White "Fridman, Daniel"]
[Black "Moiseenko, Vadim"]
[Result "1/2-1/2"]
[WhiteTitle "GM"]
[BlackTitle "GM"]
[WhiteElo "2633"]
[BlackElo "2501"]
[WhiteFideId "11600454"]
[BlackFideId "4123700"]
[EventDate "2018.12.26"]

1. d4 Nf6 2. Nf3 b6 3. g3 Bb7 4. Bg2 e6 5. c4 d5 6. Ne5 Nbd7 7. Qa4 Bd6 8. Nc3
O-O 9. Nxd7 Qxd7 10. Qxd7 Nxd7 11. cxd5 Bb4 12. O-O Bxc3 13. dxe6 Bxg2 14. Kxg2
Bxd4 15. exd7 Rad8 16. Rd1 Be5 17. Bf4 Bxf4 18. gxf4 f5 19. Rd5 Rf7 20. Rad1 g6
21. b4 Re7 22. Kf3 Kf7 23. R5d3 Re4 24. b5 Ke7 25. h4 h5 26. e3 a6 27. bxa6 Ra4
28. R1d2 Rxa6 29. Rd5 Ra4 30. Re5+ Kf7 31. Kg3 Rc4 32. f3 Rc6 33. a4 Re6 34. Kf2
Ke7 35. Red5 Rc6 36. R5d4 Rc5 37. e4 Ra5 38. e5 Rc5 39. Ke3 Rc3+ 40. R4d3 Rc4
41. Rd4 Rc3+ 42. Ke2 Rc5 43. Kd1 Rc3 44. Ke2 Rc5 45. Kd1 Rc6 46. R2d3 Rc5 47.
Kd2 Ra5 48. Kc3 Rc5+ 49. Rc4 Rxc4+ 50. Kxc4 Rxd7 51. Rxd7+ Kxd7 52. Kb5 c5 53.
a5 bxa5 54. Kxc5 Ke6 55. Kb5 g5 56. fxg5 Kxe5 57. Kxa5 1/2-1/2

[Event "World Rapid 2018"]
[Site "St Petersburg RUS"]
[Date "2018.12.26"]
[Round "4.31"]
[White "Bosiocic, Marin"]
[Black "Riazantsev, Alexander"]
[Result "1-0"]
[WhiteTitle "GM"]
[BlackTitle "GM"]
[WhiteElo "2599"]
[BlackElo "2649"]
[WhiteFideId "14507927"]
[BlackFideId "4125029"]
[EventDate "2018.12.26"]

1. e4 e6 2. d4 d5 3. Nc3 Bb4 4. e5 c5 5. a3 Bxc3+ 6. bxc3 Ne7 7. h4 b6 8. h5 h6
9. Nf3 Qc7 10. Bd3 Ba6 11. O-O Bxd3 12. cxd3 cxd4 13. cxd4 Nbc6 14. a4 O-O 15.
Ba3 Qd7 16. Qd2 Rac8 17. Rfb1 f6 18. Bxe7 Qxe7 19. Nh4 Qf7 20. Ng6 Rfe8 21. Qe3
fxe5 22. dxe5 Qf5 23. Qh3 Qxh3 24. gxh3 Nd4 25. Kg2 Rc3 26. Rd1 Kf7 27. Rab1 Nb3
28. h4 Rec8 29. Rb2 R8c6 30. Rdb1 Nc5 31. a5 Nxd3 32. axb6 Rxb6 33. Rxb6 axb6
34. Rxb6 Nc5 35. Rb8 Nd7 36. Rd8 Rc7 37. Kf3 Ra7 38. Ke3 Ra3+ 39. Kd4 Ra4+ 40.
Kc3 Ra3+ 41. Kb4 Ra7 42. f4 Rc7 43. Nh8+ Ke7 44. Rg8 Rc4+ 45. Ka3 Nc5 46. Rxg7+
Ke8 47. Ng6 d4 48. f5 exf5 49. e6 Ra4+ 50. Kb2 Rb4+ 51. Kc1 Rc4+ 52. Kd1 Nxe6
53. Re7+ Kd8 54. Rxe6 Kd7 55. Rf6 Rc5 56. Kd2 Ra5 57. Kd3 Rd5 58. Nf4 Re5 59.
Ng6 Rd5 60. Ra6 Ke8 61. Nf4 Re5 62. Re6+ Rxe6 63. Nxe6 Ke7 64. Nf4 1-0

[Event "World Rapid 2018"]
[Site "St Petersburg RUS"]
[Date "2018.12.26"]
[Round "4.32"]
[White "Sychev, Klementy"]
[Black "Sargissian, Gabriel"]
[Result "0-1"]
[WhiteTitle "IM"]
[BlackTitle "GM"]
[WhiteElo "2537"]
[BlackElo "2689"]
[WhiteFideId "4114060"]
[BlackFideId "13300881"]
[EventDate "2018.12.26"]

1. Nf3 d5 2. g3 Bg4 3. Bg2 c6 4. O-O e6 5. h3 Bh5 6. d3 Nf6 7. Qe1 Be7 8. e4 O-O
9. Nbd2 Nbd7 10. Kh1 a5 11. Nh2 Ne8 12. g4 Bg6 13. f4 dxe4 14. dxe4 f6 15. Qe2
e5 16. f5 Bf7 17. h4 Nd6 18. Bf3 Kh8 19. Rg1 a4 20. a3 Nb5 21. Qg2 g6 22. Ndf1
Nd4 23. Ng3 Rg8 24. Be3 gxf5 25. Nxf5 Nxf5 26. exf5 Bc5 27. Bxc5 Nxc5 28. Rad1
Qe7 29. Qf2 Rad8 30. Qe3 Bd5 31. g5 b6 32. Rde1 Nd7 33. g6 hxg6 34. fxg6 Kg7 35.
Bxd5 cxd5 36. Qf3 Rh8 37. Rg4 e4 38. Qg3 Ne5 39. Rf4 Rh6 40. Rg1 Rdh8 41. Qf2
Rxg6 42. Qxb6 Rxg1+ 43. Qxg1+ Kf7 44. Qd4 Qe6 45. Qxa4 Ng6 46. Rg4 e3 47. Qa7+
Ne7 48. Qa5 e2 49. Qe1 Nf5 50. a4 Nxh4 51. a5 Nf3 0-1

[Event "World Rapid 2018"]
[Site "St Petersburg RUS"]
[Date "2018.12.26"]
[Round "4.33"]
[White "Dreev, Aleksey"]
[Black "Hovhannisyan, Robert"]
[Result "1/2-1/2"]
[WhiteTitle "GM"]
[BlackTitle "GM"]
[WhiteElo "2670"]
[BlackElo "2637"]
[WhiteFideId "4100107"]
[BlackFideId "13302507"]
[EventDate "2018.12.26"]

1. d4 d5 2. c4 c6 3. Nf3 Nf6 4. Qb3 dxc4 5. Qxc4 Bg4 6. Nbd2 Nbd7 7. g3 e6 8.
Bg2 Be7 9. O-O O-O 10. b3 a5 11. a3 Rc8 12. h3 Bf5 13. e3 Ne4 14. Bb2 b5 15. Qe2
Qb6 16. Nh4 Bxh4 17. Nxe4 Be7 18. Rfd1 Rfd8 19. Rac1 h6 20. Qe1 b4 21. a4 c5 22.
Qe2 Bxe4 23. Bxe4 Bf6 24. dxc5 Nxc5 25. Bxf6 gxf6 26. Rxd8+ Rxd8 27. Qc4 Nxe4
28. Qxe4 Qd6 29. Qg4+ 1/2-1/2

[Event "World Rapid 2018"]
[Site "St Petersburg RUS"]
[Date "2018.12.26"]
[Round "4.34"]
[White "Usmanov, Vasily"]
[Black "Savchenko, Boris"]
[Result "1/2-1/2"]
[WhiteTitle "IM"]
[BlackTitle "GM"]
[WhiteElo "2450"]
[BlackElo "2562"]
[WhiteFideId "4135741"]
[BlackFideId "4147332"]
[EventDate "2018.12.26"]

1. Nf3 g6 2. c4 Bg7 3. Nc3 e5 4. d4 exd4 5. Nxd4 Nc6 6. Nxc6 bxc6 7. g3 h5 8. h4
Qe7 9. Bg2 Qb4 10. O-O Nf6 11. Qa4 Qxa4 12. Nxa4 Ng4 13. Bf4 Be5 14. Bxe5 Nxe5
15. b3 Rb8 16. Rfd1 O-O 17. Rd2 Re8 18. Rc1 Re7 19. Rc3 Kf8 20. Kf1 a5 21. Ke1
Rb4 22. a3 Rb8 23. Kd1 d6 24. f4 Ng4 25. Bxc6 Bf5 26. Rd4 Ne3+ 27. Kd2 Nf1+ 28.
Ke1 Ne3 29. Rd2 Nc2+ 30. Rdxc2 Bxc2 31. Rxc2 Rxb3 32. Rc3 Re3 33. Kd2 Rxg3 34.
Rxb3 Rxb3 35. Nc3 Rxa3 36. Ba4 Ra1 37. Bd1 f6 38. e3 a4 39. Bxa4 Rh1 40. Nd5
Rxh4 41. Nxf6 Rh1 42. Bc6 Rg1 43. Ke2 Ke7 44. Ne4 Rc1 45. Bd5 c6 46. Bxc6 Rxc4
47. Bd5 Ra4 48. Ng5 Ra5 49. Bg8 d5 50. Kf3 Kf6 51. Be6 d4 52. Bc4 Ra3 53. Ke4
dxe3 54. Bd3 h4 55. Kxe3 Kg7 56. Ke2 Kh6 57. Be4 h3 58. Kf2 Kh5 59. Bf3+ Kh4 60.
Bd1 Ra2+ 61. Be2 Rb2 62. Nf3+ Kg4 63. Ng1+ Rxe2+ 64. Nxe2 g5 1/2-1/2

[Event "World Rapid 2018"]
[Site "St Petersburg RUS"]
[Date "2018.12.26"]
[Round "4.35"]
[White "Yudin, Sergei"]
[Black "Khusnutdinov, Rustam"]
[Result "1/2-1/2"]
[WhiteTitle "GM"]
[BlackTitle "GM"]
[WhiteElo "2507"]
[BlackElo "2470"]
[WhiteFideId "4159659"]
[BlackFideId "13701703"]
[EventDate "2018.12.26"]

1. e4 e6 2. d4 d5 3. Nd2 c5 4. Ngf3 cxd4 5. Nxd4 Nf6 6. exd5 Nxd5 7. N2f3 Bb4+
8. Bd2 O-O 9. c4 Bxd2+ 10. Qxd2 Nf6 11. Be2 1/2-1/2

[Event "World Rapid 2018"]
[Site "St Petersburg RUS"]
[Date "2018.12.26"]
[Round "4.36"]
[White "Mchedlishvili, Mikheil"]
[Black "Vokhidov, Shamsiddin"]
[Result "1/2-1/2"]
[WhiteTitle "GM"]
[BlackTitle "IM"]
[WhiteElo "2610"]
[BlackElo "2480"]
[WhiteFideId "13600966"]
[BlackFideId "14204223"]
[EventDate "2018.12.26"]

1. d4 d5 2. c4 e6 3. Nc3 Bb4 4. cxd5 exd5 5. Bf4 Ne7 6. e3 O-O 7. Qb3 c5 8. dxc5
Nbc6 9. Rd1 Bxc5 10. Nf3 Qa5 11. Qb5 Bb4 12. Qxa5 Bxa5 13. Be2 Be6 14. O-O Bxc3
15. bxc3 Rac8 16. Rc1 Rfd8 17. Rfd1 f6 18. h3 Ng6 19. Bg3 Nge5 20. Nxe5 Nxe5 21.
Rd4 Rc5 22. Ra4 Nc6 23. Ra3 d4 24. exd4 Nxd4 25. Bf1 Nc6 26. Bf4 b6 27. Be3 Ra5
28. Rxa5 Nxa5 29. c4 Nb7 30. Be2 Nc5 31. Rc3 Rd7 32. Ra3 Kf7 33. f3 Ke7 34. Kf2
Kd6 35. g4 Re7 36. h4 h6 37. Bd4 Bg8 38. Re3 Bh7 39. Rxe7 Kxe7 40. Ke3 Bb1 41.
a3 Bg6 42. f4 Bf7 43. Bc3 Be6 44. g5 hxg5 45. fxg5 fxg5 46. hxg5 g6 47. Be5 Kd7
48. Bd4 Kd6 49. Kf4 Bf5 50. Be5+ Kd7 51. Ke3 Ne4 52. Kf4 Nc5 53. Ke3 a5 54. Bd4
Kd6 55. Bf1 Be6 56. Be2 Bf5 57. Bf1 Be6 1/2-1/2

[Event "World Rapid 2018"]
[Site "St Petersburg RUS"]
[Date "2018.12.26"]
[Round "4.37"]
[White "Sharma, Dinesh K."]
[Black "Vitiugov, Nikita"]
[Result "0-1"]
[WhiteTitle "IM"]
[BlackTitle "GM"]
[WhiteElo "2295"]
[BlackElo "2719"]
[WhiteFideId "5004110"]
[BlackFideId "4152956"]
[EventDate "2018.12.26"]

1. d4 Nf6 2. Nf3 d5 3. c4 e6 4. Nc3 c6 5. cxd5 exd5 6. Bg5 h6 7. Bf4 Nbd7 8. h3
Ne4 9. Rc1 Qa5 10. Qb3 Bb4 11. a3 Bxc3+ 12. bxc3 O-O 13. e3 c5 14. Be2 c4 15.
Qb4 Qd8 16. Nd2 Ndf6 17. f3 Nxd2 18. Kxd2 Re8 19. Rce1 Re6 20. Rb1 Rb6 21. Qc5
Rc6 22. Qb4 Rb6 23. Qc5 Ra6 24. g4 Ra4 25. Ra1 Bd7 26. Qc7 Qxc7 27. Bxc7 Rc8 28.
Be5 Bc6 29. h4 Nd7 30. Bf4 Nf8 31. Bd6 Ra6 32. g5 Bd7 33. Be5 hxg5 34. hxg5 Bf5
35. Bd1 Rb6 36. Kc1 Ng6 37. Bg3 Re8 38. Bf2 Nf8 39. Re1 Nh7 40. Ba4 Re7 41. e4
dxe4 42. d5 e3 43. Rxe3 Rxe3 44. Bxe3 Rd6 45. Bb5 Bd3 46. g6 Rxg6 47. Bxa7 Rd6
48. a4 Rxd5 49. Kd2 Ng5 50. Ke3 Re5+ 51. Kf2 Rf5 52. Re1 Rxf3+ 53. Kg2 Rf4 54.
Re8+ Kh7 55. Be3 Rg4+ 56. Kf2 Ne4+ 57. Ke1 Rg2 58. Bd4 Rb2 59. Bd7 Rb1# 0-1

[Event "World Rapid 2018"]
[Site "St Petersburg RUS"]
[Date "2018.12.26"]
[Round "4.38"]
[White "Adly, Ahmed"]
[Black "Tang, Andrew"]
[Result "1/2-1/2"]
[WhiteTitle "GM"]
[BlackTitle "GM"]
[WhiteElo "2626"]
[BlackElo "2487"]
[WhiteFideId "10601619"]
[BlackFideId "2059630"]
[EventDate "2018.12.26"]

1. d4 d5 2. c4 e6 3. Nf3 Nf6 4. g3 dxc4 5. Bg2 Nc6 6. O-O Rb8 7. Re1 Be7 8. e4
O-O 9. Nc3 b5 10. d5 Nb4 11. Ne5 Bd6 12. a3 Bxe5 13. axb4 exd5 14. exd5 Bg4 15.
f3 Bxc3 16. bxc3 Bf5 17. Re5 Bd3 18. f4 Nd7 19. Be3 Nxe5 20. fxe5 Re8 21. Bxa7
Ra8 22. Bd4 Rxa1 23. Qxa1 Qg5 24. Qe1 h6 25. h3 Qf5 26. Qe3 Ra8 27. g4 Qg6 28.
e6 fxe6 29. dxe6 Ra1+ 30. Kh2 Ra2 31. Kg3 Rxg2+ 32. Kxg2 Be4+ 33. Kg1 Qxe6 34.
Qf4 Bd5 35. Qe5 Qf7 36. h4 c6 37. Kh2 Qg6 38. Qf5 Qxf5 1/2-1/2

[Event "World Rapid 2018"]
[Site "St Petersburg RUS"]
[Date "2018.12.26"]
[Round "4.39"]
[White "Sakaev, Konstantin"]
[Black "Steinberg, Nitzan"]
[Result "1-0"]
[WhiteTitle "GM"]
[BlackTitle "GM"]
[WhiteElo "2584"]
[BlackElo "2532"]
[WhiteFideId "4104226"]
[BlackFideId "2801795"]
[EventDate "2018.12.26"]

1. d4 Nf6 2. c4 e6 3. Nf3 Bb4+ 4. Nbd2 O-O 5. g3 b6 6. Bg2 Bb7 7. O-O d5 8. cxd5
exd5 9. Qb3 Bd6 10. Nb1 Nbd7 11. Nc3 a6 12. Bf4 Qe7 13. Bxd6 Qxd6 14. e3 Rfe8
15. Rac1 Re7 16. Qa3 Qxa3 17. bxa3 Ne8 18. Ne1 c6 19. Nd3 Nd6 20. a4 a5 21. Rfd1
f6 22. Rb1 Kf8 23. Bh3 f5 24. g4 fxg4 25. Bxg4 Nc4 26. Bxd7 Rxd7 27. Ne5 Nxe5
28. dxe5 Ra6 29. Rb2 Bc8 30. f4 Rf7 31. h4 Bf5 32. Kf2 Ke7 33. Ne2 Rf8 34. Nd4
Bd7 35. Rdb1 Rb8 36. h5 c5 37. Nb5 Bc6 38. Rd2 Rd8 39. Rg1 Kf7 40. Rg5 Bxb5 41.
axb5 Ra7 42. Ke2 Rc7 43. e6+ Kxe6 44. Re5+ Kf6 45. Rexd5 Rxd5 46. Rxd5 Ke6 47.
Rd8 c4 48. Rb8 Kd5 49. Rxb6 c3 50. Rc6 Rb7 51. a4 Re7 52. Rxc3 Re4 53. Rd3+ Kc5
54. Rd4 Re6 55. Kd3 Rh6 56. Rc4+ Kd5 1-0

[Event "World Rapid 2018"]
[Site "St Petersburg RUS"]
[Date "2018.12.26"]
[Round "4.40"]
[White "Chen, Qi b"]
[Black "Salgado Lopez, Ivan"]
[Result "1/2-1/2"]
[BlackTitle "GM"]
[WhiteElo "2437"]
[BlackElo "2629"]
[WhiteFideId "8614733"]
[BlackFideId "2257327"]
[EventDate "2018.12.26"]

1. e4 c5 2. Nf3 Nc6 3. Bb5 g6 4. Bxc6 dxc6 5. d3 Bg7 6. h3 b6 7. Nc3 e5 8. a3
Qd6 9. Be3 Ne7 10. O-O f5 11. exf5 gxf5 12. Re1 O-O 13. Bd2 Ng6 14. Qc1 Nh8 15.
Nh2 f4 16. Ne4 Qg6 17. Kh1 Be6 18. Bc3 Nf7 19. b3 Rae8 20. f3 Bc8 21. b4 cxb4
22. axb4 a6 23. Qb2 Nh6 24. Re2 Nf5 25. Rae1 Nd4 26. Rf2 h6 27. Ng4 Bxg4 28.
fxg4 h5 29. gxh5 Qxh5 30. Bxd4 exd4 31. Rf3 a5 32. Ref1 Qe5 1/2-1/2

[Event "World Rapid 2018"]
[Site "St Petersburg RUS"]
[Date "2018.12.26"]
[Round "4.41"]
[White "Vorotnikov, Vladislav V"]
[Black "Grachev, Boris"]
[Result "0-1"]
[WhiteTitle "GM"]
[BlackTitle "GM"]
[WhiteElo "2417"]
[BlackElo "2626"]
[WhiteFideId "4103009"]
[BlackFideId "4129199"]
[EventDate "2018.12.26"]

1. d4 d5 2. Nf3 Nf6 3. c3 Bf5 4. Qb3 b6 5. Bf4 e6 6. e3 Bd6 7. Bxd6 Qxd6 8. Nbd2
O-O 9. Nh4 Be4 10. f3 Bg6 11. Nxg6 hxg6 12. Bd3 c5 13. Qa3 e5 14. O-O Nc6 15.
Nb3 Rfd8 16. dxc5 Qc7 17. Bb5 Ne7 18. cxb6 axb6 19. Qb4 Nf5 20. Rfe1 Nd6 21. a4
g5 22. Nd2 g6 23. c4 Nf5 24. Rac1 d4 25. e4 Ne3 26. c5 Qe7 27. Qa3 Nd7 28. Bxd7
Rxd7 29. cxb6 Qxa3 30. bxa3 Rb7 31. Rc6 Rxa4 32. Rb1 Rxa3 33. Rc7 Rb8 34. Kf2
Ra2 35. Ke2 Kg7 36. b7 Ra7 37. g4 Ng2 38. Kd3 Nf4+ 39. Kc4 Ra2 40. Rc8 Rc2+ 0-1

[Event "World Rapid 2018"]
[Site "St Petersburg RUS"]
[Date "2018.12.26"]
[Round "4.42"]
[White "Reshetnikov, Alexey"]
[Black "Fedoseev, Vladimir3"]
[Result "1-0"]
[WhiteTitle "IM"]
[BlackTitle "GM"]
[WhiteElo "2492"]
[BlackElo "2719"]
[WhiteFideId "4162080"]
[BlackFideId "24130737"]
[EventDate "2018.12.26"]

1. c4 e5 2. Nc3 Nc6 3. g3 g6 4. Bg2 Bg7 5. d3 f5 6. e3 Nf6 7. Nge2 O-O 8. O-O d6
9. b3 g5 10. f4 h6 11. Bb2 Bd7 12. Qd2 Qe7 13. Rae1 Rae8 14. Nd5 Nxd5 15. cxd5
Nb8 16. fxe5 Bxe5 17. Nd4 Qg7 18. Qb4 Na6 19. Qc4 b5 20. Qc2 f4 21. Ne6 Bxe6 22.
Bxe5 Qxe5 23. gxf4 gxf4 24. dxe6 fxe3 25. Qc6 Nc5 26. d4 Qxd4 27. Rxf8+ Kxf8 28.
Rf1+ Kg7 29. Rf7+ Kg6 30. Qxe8 e2+ 31. Kh1 Kg5 32. Qg8+ 1-0

[Event "World Rapid 2018"]
[Site "St Petersburg RUS"]
[Date "2018.12.26"]
[Round "4.45"]
[White "Jobava, Baadur"]
[Black "Gabrielian, Artur"]
[Result "1-0"]
[WhiteTitle "GM"]
[BlackTitle "GM"]
[WhiteElo "2627"]
[BlackElo "2499"]
[WhiteFideId "13601520"]
[BlackFideId "4131002"]
[EventDate "2018.12.26"]

1. d4 Nf6 2. c4 c5 3. d5 e6 4. Nc3 exd5 5. cxd5 d6 6. Nf3 g6 7. Qa4+ Nbd7 8. Bf4
Nh5 9. Bg5 Be7 10. Bh6 Bf8 11. Bxf8 Kxf8 12. e3 Nhf6 13. Qf4 Qb6 14. Qh6+ Kg8
15. Rb1 Ng4 16. Qh4 h5 17. Nd2 Nde5 18. h3 Nh6 19. e4 f5 20. f4 Nef7 21. Nc4 Qc7
22. e5 dxe5 23. d6 Qd7 24. Nxe5 Nxe5 25. fxe5 Qg7 26. Bc4+ Kh7 27. O-O Re8 28.
Rfe1 Be6 29. Bxe6 Rxe6 30. Nd5 Rf8 31. Nc7 Qf7 32. Rbd1 f4 33. Nxe6 Qxe6 34.
Qe7+ Qxe7 35. dxe7 Re8 36. Rd7 b6 37. Rxa7 Nf5 38. Rb7 g5 39. a4 Nd4 40. Rxb6
Rxe7 41. a5 f3 42. a6 1-0

[Event "World Rapid 2018"]
[Site "St Petersburg RUS"]
[Date "2018.12.26"]
[Round "4.46"]
[White "Bocharov, Ivan"]
[Black "Goganov, Aleksey"]
[Result "1-0"]
[WhiteTitle "IM"]
[BlackTitle "GM"]
[WhiteElo "2563"]
[BlackElo "2612"]
[WhiteFideId "4180887"]
[BlackFideId "24109959"]
[EventDate "2018.12.26"]

1. e4 e6 2. d4 d5 3. Nd2 c5 4. exd5 Qxd5 5. Ngf3 cxd4 6. Bc4 Qd7 7. O-O Nf6 8.
Qe2 Nc6 9. Rd1 a6 10. Ne4 Be7 11. Bg5 Nxe4 12. Qxe4 Bxg5 13. Nxg5 Qe7 14. Nf3
Bd7 15. Nxd4 O-O 16. Nf5 Qb4 17. Nxg7 Kxg7 18. Rxd7 Qxb2 19. Re1 Rad8 20. Bd3
Rh8 21. Qxe6 Rxd7 22. Qg4+ Kf6 23. Qxd7 h6 24. h4 Qxa2 25. Qxb7 Nd8 26. Qe7+ Kg7
27. Re3 Qa1+ 28. Kh2 1-0

[Event "World Rapid 2018"]
[Site "St Petersburg RUS"]
[Date "2018.12.26"]
[Round "4.47"]
[White "Najer, Evgeniy"]
[Black "Shinkevich, Vitaly"]
[Result "1-0"]
[WhiteTitle "GM"]
[BlackTitle "IM"]
[WhiteElo "2670"]
[BlackElo "2439"]
[WhiteFideId "4118987"]
[BlackFideId "4122690"]
[EventDate "2018.12.26"]

1. e4 c5 2. Nf3 d6 3. d4 cxd4 4. Nxd4 Nf6 5. Nc3 g6 6. Be3 Bg7 7. f3 O-O 8. Qd2
Nc6 9. O-O-O d5 10. Qe1 e6 11. h4 Re8 12. Nb3 h5 13. Kb1 a6 14. g4 hxg4 15. fxg4
Nxg4 16. Bg5 f6 17. Bc1 d4 18. Bh3 f5 19. Bxg4 fxg4 20. h5 gxh5 21. Rxh5 Rf8 22.
Bh6 e5 23. Nd5 Bxh6 24. Rxh6 Kg7 25. Qd2 Rf3 26. Rdh1 Rh3 27. R6xh3 gxh3 28.
Rg1+ Kh7 29. Qf2 1-0

[Event "World Rapid 2018"]
[Site "St Petersburg RUS"]
[Date "2018.12.26"]
[Round "4.48"]
[White "Demchenko, Anton"]
[Black "Kryakvin, Dmitry"]
[Result "1/2-1/2"]
[WhiteTitle "GM"]
[BlackTitle "GM"]
[WhiteElo "2679"]
[BlackElo "2588"]
[WhiteFideId "4160258"]
[BlackFideId "4153278"]
[EventDate "2018.12.26"]

1. e4 c5 2. Nf3 d6 3. d4 cxd4 4. Qxd4 Nc6 5. Qe3 Bg4 6. Be2 Nf6 7. O-O g6 8. Rd1
Qc8 9. h3 Bxf3 10. Bxf3 Bg7 11. c3 O-O 12. Na3 Rd8 13. Bd2 e6 14. Rac1 Ne5 15.
Be2 d5 16. exd5 Nxd5 17. Qg3 Qc5 18. Bg5 Rdc8 19. Qh4 Qf8 20. Nc2 h6 21. Bd2 g5
22. Qg3 Nc4 23. Bxc4 Rxc4 24. Ne3 Nf4 25. Qf3 Rc6 26. Ng4 f5 27. Nh2 Ng6 28. Qe2
e5 29. Qb5 Qf7 30. Qb3 Qxb3 31. axb3 e4 32. f3 Re8 33. fxe4 Rxe4 34. Re1 Rce6
35. Rxe4 Rxe4 36. Nf3 g4 37. hxg4 fxg4 38. Re1 Rxe1+ 39. Nxe1 Ne5 40. Be3 a6 41.
Kf2 Kf7 42. Ke2 Ke6 43. Nc2 Nc6 44. Bb6 h5 45. Ne3 Bh6 46. Kd3 Bxe3 47. Bxe3 Kf5
48. g3 Ne7 49. Kd4 Ke6 50. Bf2 Nc6+ 51. Kd3 Kd5 52. c4+ Ke5 53. Bb6 Kf5 54. Ke3
Ke5 55. Kd3 Kf5 56. Ke3 Ke5 1/2-1/2

[Event "World Rapid 2018"]
[Site "St Petersburg RUS"]
[Date "2018.12.26"]
[Round "4.49"]
[White "Ponkratov, Pavel"]
[Black "Ghaem Maghami, Ehsan"]
[Result "1-0"]
[WhiteTitle "GM"]
[BlackTitle "GM"]
[WhiteElo "2630"]
[BlackElo "2537"]
[WhiteFideId "4157800"]
[BlackFideId "12500739"]
[EventDate "2018.12.26"]

1. g3 c5 2. Bg2 Nc6 3. Nf3 g6 4. O-O Bg7 5. e3 Nf6 6. d4 cxd4 7. exd4 d5 8. Ne5
O-O 9. h3 Bf5 10. g4 Bd7 11. c3 e6 12. Be3 Ne4 13. Nd3 Na5 14. Nd2 Nxd2 15. Bxd2
Bb5 16. Bf4 a6 17. Re1 Rc8 18. Rc1 Re8 19. Bg3 Bf8 20. h4 Bd6 21. g5 Bxd3 22.
Qxd3 Nc4 23. b3 Bxg3 24. fxg3 Nd6 25. c4 dxc4 26. bxc4 Qc7 27. d5 Qc5+ 28. Kh2
e5 29. h5 e4 30. Qf1 Qd4 31. Qf4 Nxc4 32. Rcd1 Qe5 33. d6 Qxf4 34. gxf4 Rcd8 35.
d7 Re7 36. Rxe4 Rxe4 37. Bxe4 b5 38. Bb7 a5 39. Ba6 Ne3 40. Rd3 Ng4+ 41. Kg3
gxh5 42. Bxb5 h6 43. Kh4 hxg5+ 44. fxg5 Kg7 45. Rc3 Kf8 46. Ra3 Ne5 47. Rxa5
Nxd7 48. Ba4 Ke7 49. Ra7 Kd6 50. Rxd7+ 1-0

[Event "World Rapid 2018"]
[Site "St Petersburg RUS"]
[Date "2018.12.26"]
[Round "4.50"]
[White "Popov, Ivan RUS"]
[Black "Esipenko, Andrey"]
[Result "1/2-1/2"]
[WhiteTitle "GM"]
[BlackTitle "GM"]
[WhiteElo "2592"]
[BlackElo "2593"]
[WhiteFideId "4170350"]
[BlackFideId "24175439"]
[EventDate "2018.12.26"]

1. e4 c6 2. Nc3 d5 3. Nf3 Bg4 4. h3 Bxf3 5. Qxf3 e6 6. Be2 Nd7 7. d4 g6 8. O-O
Bg7 9. Rd1 Ne7 10. Bg5 O-O 11. Qe3 Re8 12. Bf3 Qa5 13. Bxe7 dxe4 14. Nxe4 Rxe7
15. Qg5 1/2-1/2